000
00317nam a2200133Ia 4500
008
230917s9999||||xx |||||||||||||| ||und||
040
_e
131473
_a
MAIN
041
_a
English
082
_a
658 C267C
245
0
_a
Case studies on MNCS in India
260
_a
Hyderabad
_b
ICFAI
_c
2007
300
_a
339p p.
942
_c
BK
999
_c
143635
_d
143635